Movies Quiz

Random Movies or Computer Quiz

Computers in Movies Quiz Stats

Quiz Updated Apr 23, 2016

Also try: Computer Acronyms
Challenge
Share
Tweet
Score 0/20 Timer 06:00
1 Play Today
% Correct
Mission: Impossible
87.5%
The Devil Wears Prada
81.7%
Jurassic Park
81.5%
The Martian
80.7%
WALL-E
79.8%
The Wolf of Wall Street
73.5%
Her
69.9%
The Social Network
69.6%
Zoolander
69.4%
The Girl with the Dragon Tattoo
68.2%
% Correct
Apollo 13
62.9%
National Lampoon's Vacation
59.6%
You've Got Mail
56.1%
The Internship
55%
WarGames
53.4%
The Imitation Game
50%
2001: A Space Odyssey
34.4%
The Net
31.3%
The Italian Job
30%
Men, Women & Children
9%

You're not logged in!

Compare scores with friends on all Sporcle quizzes.
Sign Up with Email
OR
Log In

You Might Also Like...

Show Comments

Extras

Top Quizzes Today


Score Distribution

Your Account Isn't Verified!

In order to create a playlist on Sporcle, you need to verify the email address you used during registration. Go to your Sporcle Settings to finish the process.